000 00833nam a22002297a 4500
001 63571
003 BD-RjUL
005 20211209081218.0
008 170131s1988 ii ||||| |||| 00| f ben d
020 _c: Irs 20.00
035 _a(BD-RjUL)63700
040 _aBD-RjUL
_bben
_cBD-RjUL
041 _aben
082 _a891.443
_bCHD 1988
_223
100 _aচট্রোপাধ্যায়, শরৎ
_9117972
245 1 0 _aদত্তা /
_cশরৎ চট্রোপাধ্যায়
260 _aকলিকাতা :
_bএম, সি, সরকার এ্যান্ড সন্স লি.,
_c১৯৮৮ [১৩৯৫]
300 _a১৮০ পৃ. ;
_c২১ সেমি.
650 _aBengali fiction
_9117533
650 _aবাংলা উপন্যাস
_9170454
942 _2ddc
_cBK
_01
999 _c63571
_d63571